000 00719cam a22001937a 4500
999 _c5017
_d5017
008 100305r20072006nyuab j 000 1 eng d
010 _a 2010277451
020 _a9780545021326 (pbk.)
020 _a0545021324 (pbk.)
020 _a9781436427135 (lib. bdg.)
020 _a1436427134 (lib. bdg.)
050 0 0 _aPZ7
_b.V2546 2007
100 1 _aStilton, Geronimo.
245 1 0 _aValley of the giant skeletons /
_cGeronimo Stilton ; [illustrations by Claudio Cernuschi and Christian Aliprandi].
260 _aNew York, N.Y. :
_bScholastic Inc.,
_cc2007.
300 _a110 p. :
_bcol. ill., col. maps ;
_c20 cm.
500 _aEnglish translation of La Valle degli Scheletri Giganti by Edizioni Piemme S.p.A.
942 _2ddc